000 01378cam a22003617a 4500
003 CHAP
005 20220817043100.0
008 971010d1972 mx a r 00110 spa d
010 _a65025
011 _a65997
035 _a73751
040 _cCHAP
082 0 4 _a633.61
_bS3
100 0 0 _aSánchez Navarrete, Federico.
_9107727
245 1 0 _aMateria prima :
_bcaña de azúcar
_c/por Federico Sánchez Navarrete
260 _aMéxico, D.F. :
_bPorrúa,
_c1972.
300 _a583 p. :
_bilus. ; gráfs.
590 _aBATCH-UPD
_b10
_c20130110
_lUCH01
_h0800
590 _aBATCH-UPD
_b10
_c20130410
_lUCH01
_h0439
590 _aBATCH-UPD
_b10
_c20130914
_lUCH01
_h0836
590 _aCONVERSION
_b10
_c20130109
_lUCH01
_h1335
650 1 4 _aCaña de azúcar.
901 _aBK
905 _aAlejandra Carrasco M.
942 _cLIBRO
949 _a633.61 S3
_bBC
_cLIBRO
_d33724000196200
_eLIBRO
_fc.4
_h40480
_i73751
_si
949 _a633.61 S3
_bBC
_cLIBRO
_d33724000224440
_eLIBRO
_fc.5
_h40811
_i73751
_si
949 _a633.61 S3
_bBC
_cLIBRO
_d33724000601118
_eLIBRO
_fc.2
_h29626
_i73751
_si
949 _a633.61 S3
_bBC
_cLIBRO
_d33724000601126
_eLIBRO
_fc.3
_h29627
_i73751
_so
949 _a633.61 S3
_bBC
_cLIBRO
_d33724000919478
_eLIBRO
_h29453
_i73751
_si
949 _a633.61 S3
_bBC
_cLIBRO
_d33724002060983
_eLIBRO
_fc.6
_h61073
_i73751
_si
949 _a633.61 S3
_bEA
_cLIBRO
_d-6569
_eLIBRO
_h10277
_i73751
_si
999 _c65025
_d65025